Podnikatelia budú platiť daň zo straty?

Problémy ustanovenia o minimálnej výške preddavkovo platenej dane za zdaňovacie obdobie v zákone č. 561/2001 Z.z., ktorým sa mení a dopĺňa zákon č. 366/1999 Z.z. o daniach príjmov v znení neskorších predpisov.

Gespeichert in:
Bibliographische Detailangaben
1. Verfasser: Hyránek, Eduard, 1955-
Format: Buchkapitel
Sprache:Slowakisch
Schlagworte:
Tags: Tag hinzufügen
Keine Tags, Fügen Sie das erste Tag hinzu!

MARC

LEADER 00000naa a2200000 4500
001 r044852
005 20240502071339.7
041 0 |a slo 
044 |a SK 
245 1 0 |a Podnikatelia budú platiť daň zo straty?  |c Eduard Hyránek 
520 |a Problémy ustanovenia o minimálnej výške preddavkovo platenej dane za zdaňovacie obdobie v zákone č. 561/2001 Z.z., ktorým sa mení a dopĺňa zákon č. 366/1999 Z.z. o daniach príjmov v znení neskorších predpisov. 
610 2 0 |a dane z príjmov 
610 2 0 |a preddavky 
610 2 0 |a podnikatelia 
610 2 0 |a základ dane 
610 2 0 |a miesta pracovné 
610 2 0 |a zákony 
610 2 0 |a Slovensko 
100 1 |a Hyránek, Eduard, 1955-